Online
Catalog

Demografía : (Record no. 21027)

MARC details
000 -CABECERA
campo de control de longitud fija 00967nam a2200241 a 4500
001 - NÚMERO DE CONTROL
campo de control 000021527
005 - FECHA Y HORA DE LA ÚLTIMA TRANSACCIÓN
campo de control 20200930011345.0
008 - DATOS DE LONGITUD FIJA--INFORMACIÓN GENERAL
campo de control de longitud fija 100908s1975 ag a r 000 0 spa d
040 ## - FUENTE DE LA CATALOGACIÓN
Centro catalogador/agencia de origen DO-SdBNP
Lengua de catalogación spa
Centro/agencia transcriptor BNPHU
082 ## - NÚMERO DE LA CLASIFICACIÓN DECIMAL DEWEY
Número de clasificación 304.6
Número de documento/Ítem K44d
049 ## - FONDOS LOCALES (OCLC)
Fondos de biblioteca BNGR
100 1# - ENTRADA PRINCIPAL--NOMBRE DE PERSONA
Nombre de persona Keyfitz, Nathan,
Fechas asociadas al nombre 1913-
9 (RLIN) 44873
240 10 - TÍTULO UNIFORME
Título uniforme Population: facts and methods of demography.
Lenguaje de la obra Español.
245 10 - MENCIÓN DE TÍTULO
Título Demografía :
Resto del título métodos estadísticos /
Mención de responsabilidad, etc. Nathan Keyfitz, Wilhelm Flieger ; traducción, Stella Cambiaggio.
260 ## - PUBLICACIÓN, DISTRIBUCIÓN, ETC.
Lugar de publicación, distribución, etc. Buenos Aires :
Nombre del editor, distribuidor, etc. Marymar,
Fecha de publicación, distribución, etc. 1975.
300 ## - DESCRIPCIÓN FÍSICA
Extensión 609, [2] p. :
Otras características físicas il. ;
Dimensiones 29 cm.
500 ## - NOTA GENERAL
Nota general Incluye notas al pie de las páginas.
534 ## - NOTA SOBRE LA VERSIÓN ORIGINAL
Frase introductoria Título original en inglés:
Mención de título del original Population: facts and methods of demography.
Publicación, distribución, etc. del original San Francisco : H. W. Freeman and Co., 1971
650 #4 - PUNTO DE ACCESO ADICIONAL DE MATERIA--TÉRMINO DE MATERIA
Término de materia o nombre geográfico como elemento de entrada Demografía
Subdivisión general Métodos estadísticos
9 (RLIN) 44874
650 #4 - PUNTO DE ACCESO ADICIONAL DE MATERIA--TÉRMINO DE MATERIA
Término de materia o nombre geográfico como elemento de entrada Población
Subdivisión general Estadísticas
9 (RLIN) 44875
700 1# - PUNTO DE ACCESO ADICIONAL--NOMBRE DE PERSONA
Nombre de persona Flieger, Wilhelm,
9 (RLIN) 44876
700 1# - PUNTO DE ACCESO ADICIONAL--NOMBRE DE PERSONA
Nombre de persona Cambiaggio, Stella,
Término indicativo de función/relación tr.
9 (RLIN) 44877
Holdings
Estado de retiro Estado de pérdida Restricciones de uso No para préstamo Código de colección Localización permanente Ubicación/localización actual Ubicación en estantería Fecha de adquisición Número de inventario Total de préstamos Signatura topográfica completa Código de barras Fecha visto por última vez Precio válido a partir de Tipo de ítem Koha
    Préstamo interno   Monografías: Libros y Folletos General General En catalogación 08.09.2010 LF1   304.6 K44d 21527-10 25.06.2020 25.06.2020 Préstamo interno

Powered by Koha